AWARENESS OF CLIENTS ON INVESTMENT SERVICES OF BANKS (Record no. 77942)

MARC details
000 -LEADER
fixed length control field 01519nam a22002657a 4500
003 - CONTROL NUMBER IDENTIFIER
control field URS
005 - DATE AND TIME OF LATEST TRANSACTION
control field 20240416181809.0
008 - FIXED-LENGTH DATA ELEMENTS--GENERAL INFORMATION
fixed length control field 240308b |||||||| |||| 00| 0 eng d
050 00 - LIBRARY OF CONGRESS CALL NUMBER
Classification number LG 221.R59 D336
Item number 2015
100 ## - MAIN ENTRY--PERSONAL NAME
Personal name Dayo, Nelly Joy C.
Relator term Researcher
245 ## - TITLE STATEMENT
Title AWARENESS OF CLIENTS ON INVESTMENT SERVICES OF BANKS
Statement of responsibility, etc. Crisell T. Estanislao; Rizza S. Lopez
264 #1 - PRODUCTION, PUBLICATION, DISTRIBUTION, MANUFACTURE, AND COPYRIGHT NOTICE
Date of production, publication, distribution, manufacture, or copyright notice 2015
300 ## - PHYSICAL DESCRIPTION
Extent ix, 56 leaves
Other physical details illustrations
Dimensions 28 cm
336 ## - CONTENT TYPE
Source rdacontent
Content type term text
337 ## - MEDIA TYPE
Source rdamedia
Media type term unmediated
338 ## - CARRIER TYPE
Source rdacarrier
Carrier type term volume
502 ## - DISSERTATION NOTE
Dissertation note Undergraduate Thesis
Degree type Bachelor of Science in Business Administration Major in Financial Management
Name of granting institution University of Rizal System, Rodriguez, Rizal
Year degree granted 2015
520 ## - SUMMARY, ETC.
Summary, etc. Unit Investment Trust Funds (UITFs) are ready-made investments that allow the pooling of funds from different investors with similar investment objectives. Living Trust Account is a type of personal trust used as an initial step for estate planning which covers the administration, investment and disposition of assets. The banks create the awareness among the rural and urban people about socially wasteful spending and provide them the golden opportunities to make investment in more income generating assets.
650 ## - SUBJECT ADDED ENTRY--TOPICAL TERM
Source of heading or term Clients Awareness
700 ## - ADDED ENTRY--PERSONAL NAME
Personal name Crisell T. Estanislao
Relator term Researcher
700 ## - ADDED ENTRY--PERSONAL NAME
Personal name Rizza S. Lopez
Relator term Researcher
700 ## - ADDED ENTRY--PERSONAL NAME
Relator term Hector R. Rubiales II
Personal name Adviser
856 ## - ELECTRONIC LOCATION AND ACCESS
Materials specified Online Request for Student Unpublished Works
Uniform Resource Identifier <a href="https://forms.gle/7LqvGGkaDrUQqz429">https://forms.gle/7LqvGGkaDrUQqz429</a>
942 ## - ADDED ENTRY ELEMENTS (KOHA)
Source of classification or shelving scheme Library of Congress Classification
Koha item type Theses and dissertations

No items available.

University of Rizal System
Email us at univlibservices@urs.edu.ph

Visit our Website www.urs.edu.ph/library